Understanding the economics of money, banking and financial markets. / (Record no. 24378)
[ view plain ]
| 000 -LEADER | |
|---|---|
| fixed length control field | 00652nam a2200229 a 4500 |
| 005 - DATE AND TIME OF LATEST TRANSACTION | |
| control field | 20140310183519.0 |
| 008 - FIXED-LENGTH DATA ELEMENTS--GENERAL INFORMATION | |
| fixed length control field | 110803s19uu xx 00 eng d |
| 020 ## - INTERNATIONAL STANDARD BOOK NUMBER | |
| International Standard Book Number | 9789810698645 |
| 050 ## - LIBRARY OF CONGRESS CALL NUMBER | |
| Classification number | HG 173 |
| Item number | .M632 2008 |
| 100 ## - MAIN ENTRY--PERSONAL NAME | |
| Personal name | Mishkin, Frederic S. |
| 245 ## - TITLE STATEMENT | |
| Title | Understanding the economics of money, banking and financial markets. / |
| Statement of responsibility, etc | Frederic S. Mishkin. |
| 250 ## - EDITION STATEMENT | |
| Edition statement | 8th ed. |
| 260 ## - PUBLICATION, DISTRIBUTION, ETC. (IMPRINT) | |
| Place of publication, distribution, etc | Singapore : |
| Name of publisher, distributor, etc | Pearson, |
| Date of publication, distribution, etc | 2008. |
| 300 ## - PHYSICAL DESCRIPTION | |
| Extent | xli, 622, [47] p. : |
| Other physical details | col. ill. ; |
| Dimensions | 26 cm. |
| 500 ## - GENERAL NOTE | |
| General note | Includes index. |
| 521 ## - TARGET AUDIENCE NOTE | |
| Target audience note | |
| 650 ## - SUBJECT ADDED ENTRY--TOPICAL TERM | |
| Topical term or geographic name as entry element | Finance |
| 650 ## - SUBJECT ADDED ENTRY--TOPICAL TERM | |
| Topical term or geographic name as entry element | Money. |
| 942 ## - ADDED ENTRY ELEMENTS (KOHA) | |
| Koha item type | Books |
| Source of classification or shelving scheme | Library of Congress Classification |
| Call number prefix | Foreign |
| Withdrawn status | Lost status | Source of classification or shelving scheme | Damaged status | Home library | Current library | Shelving location | Date acquired | Total Checkouts | Full call number | Barcode | Date last seen | Date checked out | Copy number | Price effective from | Koha item type | Total Renewals |
|---|---|---|---|---|---|---|---|---|---|---|---|---|---|---|---|---|
| Library of Congress Classification | College Library | College Library | General Circulation Section | 12/10/2013 | 1 | HG 173 .M632 2008 | C12186 | 05/15/2018 | 12/07/2015 | 1 | 12/10/2013 | Books | ||||
| Library of Congress Classification | College Library | College Library | General Circulation Section | 12/10/2013 | 2 | HG 173 .M632 2008 | C12187 | 05/15/2018 | 09/09/2016 | 2 | 12/10/2013 | Books | 11 |